000 00609nam a2200217Ia 4500
008 200601s9999 xx 000 0 und d
020 _a0-07-143291-4
050 _aREF PL 4163
050 _b.B83 2004
100 _aBuasai, Somsong.
245 0 _aConversational Thai in 7 days /
245 0 _cSomsong Buasai and David Smyth.
260 _aNew York :
260 _bMcGraw-Hill.
260 _c2004
300 _a92 pages :
300 _bcolor illustrations ;
300 _c21 cm.
650 _aThai language -- Conversation and phrase books -- English.
650 _xThai language -- Spoken Thai.
999 _c363405
_d363405